| 000 | 00520nam a2200169Ia 4500 | ||
|---|---|---|---|
| 008 | 190805s9999||||xx |||||||||||||| ||und|| | ||
| 020 |
_a9789351610397 _cRs. 695.00 |
||
| 082 | 0 | 4 |
_a346.5407 _bK1419/E |
| 100 | 1 | _aKapoor, N. D. | |
| 245 | 1 | 0 |
_aElements of Mercantile Law / _cN. D. Kapoor |
| 250 | _a37th rev. ed. | ||
| 260 |
_aNew Delhi : _bSultan Chand & Sons, _c2015, reprinted 2017 |
||
| 300 |
_avarious pagination _b : _c; 24.5 cm. |
||
| 650 | 0 |
_aCommercial law _vTextbooks |
|
| 942 | _cBK | ||
| 999 |
_c157 _d157 |
||